Golf : lower your score with mental training
| Main Author: | |
|---|---|
| Format: | Book |
| Published: |
Canada :
Crown House Pub. Ltd ,
2005
|
| Subjects: |
MARC
| LEADER | 00000cam a2200000 7i4500 | ||
|---|---|---|---|
| 001 | 0000048062 | ||
| 005 | 20151210.0 | ||
| 008 | 150604 | ||
| 020 | |a 1904424538 | ||
| 020 | |a 9781904424536 | ||
| 090 | 0 | 0 | |a 796.352 |b SAU |
| 100 | 1 | |a Saunders Md, Tom | |
| 245 | 1 | 0 | |a Golf : |b lower your score with mental training |c Tom Saunders Md |
| 260 | |a Canada : |b Crown House Pub. Ltd , |c 2005 | ||
| 300 | |a Includes free CD of exercises | ||
| 650 | 0 | |a Golf | |
| 999 | |a 0001376408 |b CD-ROM |c Adult Collection |e Cawangan AEON Kulaijaya | ||